De puertas adentro / (Record no. 12440)

MARC details
000 -LEADER
campo de control de longitud fija 00989nam a2200337 i 4500
001 - NÚMERO DE CONTROL
campo de control 12440
003 - IDENTIFICADOR DE NÚMERO DE CONTROL
campo de control ES-MaACL
005 - FECHA Y HORA DE LA ÚLTIMA TRANSACCIÓN
campo de control 20230906150319.0
007 - CAMPO FIJO DE DESCRIPCIÓN FÍSICA--INFORMACIÓN GENERAL
campo de control de longitud fija t|
008 - DATOS DE LONGITUD FIJA--INFORMACIÓN GENERAL
campo de control de longitud fija 890906s1988 sp ||||0| spa j ..|
015 ## - NÚMERO DE BIBLIOGRAFÍA NACIONAL
Número de bibliografía nacional 1989-AGO-14830
016 7# - NÚMERO DE CONTROL DE UNA AGENCIA BIBLIOGRÁFICA NACIONAL
Número de control cancelado/no válido SAB9000058463
020 ## - NÚMERO INTERNACIONAL ESTÁNDAR DEL LIBRO
Número Internacional Estándar del Libro 84-505-6950-8
040 ## - FUENTE DE CATALOGACIÓN
Centro catalogador/agencia de origen M-BN-DP
Lengua de catalogación spa
Centro/agencia transcriptor M-BN-DP
080 ## - NÚMERO DE LA CLASIFICACIÓN DECIMAL UNIVERSAL
Número de la Clasificación Decimal Universal 308-055.2
080 ## - NÚMERO DE LA CLASIFICACIÓN DECIMAL UNIVERSAL
Número de la Clasificación Decimal Universal 316.356.2
080 ## - NÚMERO DE LA CLASIFICACIÓN DECIMAL UNIVERSAL
Número de la Clasificación Decimal Universal 331-055.2
245 00 - MENCIÓN DEL TÍTULO
Título De puertas adentro /
Mención de responsabilidad, etc. dirigido por María Angeles Durán.
260 ## - PUBLICACIÓN, DISTRIBUCIÓN, ETC.
Lugar de publicación, distribución, etc. Madrid :
Nombre del editor, distribuidor, etc. Instituto de la Mujer,
Fecha de publicación, distribución, etc. 1988.
300 ## - DESCRIPCIÓN FÍSICA
Extensión 469 p ;
Dimensiones 24 cm.
490 1# - MENCIÓN DE SERIE
Mención de serie Serie Estudios ;
Designación de volumen o secuencia 12
504 ## - NOTA DE BIBLIOGRAFÍA, ETC.
Nota de bibliografía, etc. Bibliografía.
650 14 - PUNTO DE ACCESO ADICIONAL DE MATERIA--TÉRMINO DE MATERIA
Término de materia o nombre geográfico como elemento de entrada Mujeres-
Subdivisión general Situación social.
9 (RLIN) 15317
650 #4 - PUNTO DE ACCESO ADICIONAL DE MATERIA--TÉRMINO DE MATERIA
Término de materia o nombre geográfico como elemento de entrada Familias.
9 (RLIN) 153905
650 14 - PUNTO DE ACCESO ADICIONAL DE MATERIA--TÉRMINO DE MATERIA
Término de materia o nombre geográfico como elemento de entrada Mujeres-
Subdivisión general Trabajo.
9 (RLIN) 15318
700 1# - ENTRADA AGREGADA--NOMBRE PERSONAL
Nombre de persona Durán, María Ángeles.
9 (RLIN) 46195
710 2# - ENTRADA AGREGADA--NOMBRE DE ENTIDAD CORPORATIVA
Nombre de entidad corporativa o nombre de jurisdicción como elemento de entrada Instituto de la Mujer (España)
9 (RLIN) 4980
830 0# - PUNTO DE ACCESO ADICIONAL DE SERIE-TÍTULO UNIFORME
Título uniforme Serie Estudios ;
Designación de volumen o secuencia 12
9 (RLIN) 180699
852 ## - LOCALIZACIÓN
Ubicación ES-MaACL
Número de control de estantería L-19719
Sublocalización o colección R.123592
Holdings
Estatus retirado Estado de pérdida Estado de daño No para préstamo Biblioteca de origen Biblioteca actual Ubicación en estantería Fecha de adquisición Fuente de adquisición Total de préstamos Signatura topográfica completa Código de barras Visto por última vez Precio de reemplazo Tipo de ítem Koha
        Biblioteca del Ateneo de Madrid Biblioteca del Ateneo de Madrid Depósito 2 17/01/2008     L-19719 1012676 23/02/2023 23/02/2023 Libro impreso